00733nam a2200229 a 4500001001300000003000900013005001700022008004100039020002300080082001700103100002100120245006600141260003700207300000900244500003500253505002700288650002600315902000800341942000700349952013000356999001700486nice12345678IN_TiNIC20260116014348.0100326s2004 seca grp 000 0 eng  a9788173625404c17900a230.046bGRE aGrenz, J Stanley a20th Century Theologyb God & the World in a Transitional Age aSec-Bad bAuthentic Books c2004 a393p aincludes index and biblioraphy2 aName and Subject Index aTheology-20th Century bSRS cBK 001040708StackRoom-aHMIbHMId2012-08-28g179.00l3o230.046 GREp023222r2018-11-08s2018-11-06v179.00w2010-03-26yBK c14986d14986